[Event "Bhubaneswar op-A 15th"]
[Site "Bhubaneswar"]
[Date "2024.12.06"]
[Round "6"]
[White "Rishit, Sharma"]
[Black "Fedorov, Alexei"]
[Result "1/2-1/2"]
[WhiteElo "1764"]
[BlackElo "2385"]
[PlyCount "159"]
[EventDate "2024.12.02"]
[EventType "swiss"]
[EventRounds "10"]
[EventCountry "IND"]
[SourceTitle "CB50_2024"]
[SourceDate "2024.11.01"]
[SourceVersion "1"]
[SourceVersionDate "2024.11.01"]
[SourceQuality "2"]

1. e4 c5 2. c3 Nf6 3. e5 Nd5 4. Nf3 d6 5. exd6 Qxd6 6. d4 e6 7. g3 Be7 8. Bg2 0-0 9. 0-0 Rd8 10. Na3 Qa6 11. c4 Nf6 12. Nb5 Qb6 13. Bf4 Na6 14. Qb3 Bd7 15. Nc7 Qxb3 16. axb3 Nxc7 17. Bxc7 Rdc8 18. Bf4 Bc6 19. Rfd1 cxd4 20. Nxd4 Bxg2 21. Kxg2 a6 22. Nf3 Rd8 23. Bc7 Rxd1 24. Rxd1 Kf8 25. Ne5 Ke8 26. f3 Rc8 27. Ba5 Ng8 28. Bc3 f6 29. Nd3 Rd8 30. Kf2 Nh6 31. g4 e5 32. Ke2 Nf7 33. Nb4 Rxd1 34. Kxd1 Bxb4 35. Bxb4 Ng5 36. Ke2 Ne6 37. Ke3 Nd4 38. Bc3 Nxb3 39. f4 exf4+ 40. Kxf4 Nc5 41. b4 Ne6+ 42. Ke4 Ng5+ 43. Kd5 Kd7 44. b5 axb5 45. cxb5 Nf3 46. h3 Ng5 47. h4 Nf3 48. g5 fxg5 49. hxg5 Nxg5 50. Bxg7 Nf7 51. Bf6 Nd6 52. b6 Nc8 53. Bd4 Ne7+ 54. Ke4 Kc6 55. Kf4 Nd5+ 56. Kg5 Nxb6 57. Kh6 Na4 58. Be3 Kd5 59. Bd2 b6 60. Be3 Nc5 61. Kxh7 Kc4 62. Kg6 b5 63. Bd2 Nb3 64. Be1 Kd3 65. Bb4 Kc4 66. Be1 Nd4 67. Bd2 Kd3 68. Bb4 Nc6 69. Be1 Ne7+ 70. Kh5 Kc2 71. Kg4 Nd5 72. Ba5 Ne3+ 73. Kf3 Nc4 74. Bb4 Ne5+ 75. Ke2 Nc6 76. Bc5 Kc3 77. Kd1 Nb4 78. Bf8 Nd3 79. Be7 b4 80. Bxb4+ 1/2-1/2

[Event "Bhubaneswar op-A 15th"]
[Site "Bhubaneswar"]
[Date "2024.12.05"]
[Round "5"]
[White "Janukshan, B."]
[Black "Rishit, Sharma"]
[Result "0-1"]
[WhiteElo "2024"]
[BlackElo "1764"]
[PlyCount "80"]
[EventDate "2024.12.02"]
[EventType "swiss"]
[EventRounds "10"]
[EventCountry "IND"]
[SourceTitle "CB50_2024"]
[SourceDate "2024.11.01"]
[SourceVersion "1"]
[SourceVersionDate "2024.11.01"]
[SourceQuality "2"]

1. d4 Nf6 2. c4 e6 3. g3 d5 4. Bg2 Be7 5. Nf3 0-0 6. 0-0 dxc4 7. Qc2 b5 8. a4 b4 9. Nfd2 Nd5 10. Nxc4 c5 11. dxc5 Bxc5 12. Nbd2 Nd7 13. Nb3 Ba6 14. Nxc5 Nxc5 15. Ne3 Rc8 16. Nxd5 exd5 17. Qd1 Bc4 18. Bf4 Qf6 19. Rb1 Rfe8 20. Re1 Ne6 21. b3 Nxf4 22. gxf4 Ba6 23. Qd2 d4 24. e3 dxe3 25. fxe3 Qc3 26. Qd7 Rxe3 27. Rec1 Qxc1+ 28. Rxc1 Rxc1+ 29. Kf2 Re2+ 30. Kg3 Rc3+ 31. Bf3 h6 32. Qxa7 Bc8 33. Qa8 Ree3 34. a5 Rxf3+ 35. Kg2 Kh7 36. Qe4+ g6 37. h4 Bh3+ 38. Kg1 Rf1+ 39. Kh2 Rf2+ 40. Kg1 Rg2+ 0-1